Anorganická chémia Otázky a úlohy 2
Gespeichert in:
| Hauptverfasser: | , , |
|---|---|
| Format: | Buch |
| Sprache: | Slowakisch |
| Veröffentlicht: |
Bratislava
Slovenská technická univerzita
1996
|
| Schriftenreihe: | Edícia skrípt
|
| Schlagworte: | |
| Online-Zugang: | Im OPAC anzeigen |
| Tags: |
Keine Tags, Fügen Sie das erste Tag hinzu!
|
MARC
| LEADER | 00000nam a2200000 a 4500 | ||
|---|---|---|---|
| 005 | 20260127134209.0 | ||
| 008 | 180619s1996 xo r 0 slo | ||
| 015 | |a SNBA1996/0501427 | ||
| 020 | |a 8022708283 |c 9,00 Sk (600 výt.) | ||
| 035 | |a vtls001176654 | ||
| 035 | |a SNK000119650 | ||
| 035 | |a urn:nbn:sk:snk-amtgd5 | ||
| 035 | |a urn:nbn:sk:snk-am00bptj | ||
| 035 | |a E8472AA8-395A-4487-9590-A324BAB57863 | ||
| 039 | 9 | |a 202007101932 |b AUTHORITY |c 202007101926 |d AUTHORITY |c 201806191612 |d VLOAD |c 201712151310 |d VLOAD |y 200412252341 |z VLOAD | |
| 040 | |a SNK |b slo |c SNK |e AACR2 | ||
| 041 | 0 | |a slo | |
| 044 | |a xo |c SK | ||
| 080 | |a 546(075.8) |2 1981 | ||
| 100 | 1 | |a Sýkora, Ján | |
| 245 | 1 | |a Anorganická chémia |n 2 |b Otázky a úlohy |c Ján Sýkora, Gregor Ondrejovič, Milan Melník | |
| 260 | |a Bratislava |b Slovenská technická univerzita |c 1996 | ||
| 300 | |a 48 s. |c 29 cm | ||
| 490 | 1 | |a Edícia skrípt | |
| 650 | 0 | 7 | |a chémia anorganická |x otázky a úlohy |x učebnice vysokoškolské |2 SNK |
| 655 | 7 | |a učebnice vysokých škôl |2 SNKPH | |
| 700 | 1 | |a Ondrejovič, Gregor, |d 1938- |4 aut |9 240 | |
| 700 | 1 | |a Melník, Milan, |d 1938- |4 aut |9 811 | |
| 760 | 1 | |t Edícia skrípt | |
| 911 | |a KN 1996/05 |b 01427 | ||
| 919 | |a 80-227-0828-3 | ||
| 958 | 0 | 7 | |a RM |
| 958 | 0 | 7 | |a UV |
| 958 | |a OND | ||
| 999 | |c 6434 |d 6434 | ||
| 942 | 0 | 0 | |0 1 |